| 000 | 00441nam a2200169Ia 4500 | ||
|---|---|---|---|
| 005 | 20250424120313.0 | ||
| 008 | 250424s9999 xx 000 0 und d | ||
| 022 | _a03024660 | ||
| 050 | _aR 111 .P34/ | ||
| 245 | 0 | _aNigerian journal of paediatrics | |
| 260 | _annewi | ||
| 260 | _bPromise-mary printing & publication co. | ||
| 260 | _c2016 | ||
| 300 | _aviii, 61 p. :ill. ; 28 cm. | ||
| 650 | _avaccination/child health | ||
| 942 | _cSR | ||
| 999 |
_c38554 _d38554 |
||